000 00403nam a22001577a 4500
003 OSt
005 20240227150157.0
008 240227b |||||||| |||| 00| 0 eng d
020 _a9789386353986
040 _cIIMT COLLEGE OF PHARMACY GREATER NOIDA
100 _aBOTHARA, K. G.
245 _aPHARMACEUTICAL INORGANIC CHEMISTRY
260 _aPUNE
_bNIRALI
_c2023
300 _a138
942 _2ddc
_c01
999 _c58441
_d58441